"Hamisabb a Duna a szép menyecskénél". : Barangolás Felső-Csallóközben. /
Uložené v:
| Ďalší autori: | |
|---|---|
| Médium: | Kniha |
| Jazyk: | Hungarian |
| Vydané: |
Šamorín :
Integrita Šamorín,
1997.
|
| Vydanie: | 1. vyd. |
| Témy: | |
| ISBN: |
8096757946 (brož.) |
| Fyzický popis: |
154 s. |
| Tagy: |
Pridať tag
Žiadne tagy, Buďte prvý kto otaguje tento záznam!
|
Titul je dostupný aj v ... 

MARC
| LEADER | 00000nam a2200000 a 4500 | ||
|---|---|---|---|
| 001 | 000061395 | ||
| 003 | SVKK | ||
| 005 | 20200507111854.0 | ||
| 008 | 980309s1997 xo e huno | ||
| 020 | |a 8096757946 (brož.) | ||
| 040 | |a SVKKK |b slo |c SVKKK |e AACR2 | ||
| 041 | 0 | |a hun | |
| 044 | |a xo |c SK | ||
| 080 | |a 398(437.61) |2 1997 | ||
| 080 | |a 908(437.61) |2 1997 | ||
| 245 | 0 | 0 | |a "Hamisabb a Duna a szép menyecskénél". : |b Barangolás Felső-Csallóközben. / |c Zost. Lajos Presinszky. |
| 250 | |a 1. vyd. | ||
| 260 | |a Šamorín : |b Integrita Šamorín, |c 1997. | ||
| 300 | |a 154 s. | ||
| 653 | 0 | |a národopis |2 SVKKKPH | |
| 653 | 0 | |a Žitný ostrov (Slovensko) |2 SVKKKPH | |
| 655 | 7 | |a monografie |2 SVKKKPH | |
| 700 | 1 | |a Presinszky, Lajos |4 com | |
| 910 | |a svkkk | ||
| 919 | |a 80-967579-4-6 | ||
| 974 | |a MI |d 19980324 | ||
| 974 | |a PA |d 19980422 | ||
| 974 | |a PA |d 19990624 | ||
| 998 | |a BK | ||
| 090 | |g SCKHL |k Sklad Pribinova 2. posch. |a III.180072 |j 916026 |i 2720459789 |s Absenčne | ||